Statistics for Harry Kane Goals 2015

Click here to take the quiz!

General Stats

  • This quiz has been taken 92 times
  • The average score is 12 of 20

Answer Stats

Answer% Correct
Arsenal
99%
Chelsea
93%
Liverpool
91%
Everton
77%
Newcastle United
77%
West Ham United
75%
Norwich City
70%
Manchester City
68%
Leicester City
67%
Southampton
66%
Aston Villa
64%
West Bromwich Albion
64%
Crystal Palace
62%
Bournemouth
57%
Queens Park Rangers
53%
San Marino
25%
Switzerland
23%
Lithuania
17%
Anderlecht
11%
Qarabag
11%

Score Distribution

Percentile by Number Answered

Percent of People with Each Score

Your Score History

You have not taken this quiz